000
00281nam a2200121Ia 4500
008
191201s2010 xx 000 0 und d
100
_a
HOFFMAN,Theodare
245
0
_a
Writing SAP ABAP/4 Programs
260
_b
TMH
_c
2010
300
_a
335
650
_a
B.Tech(CSE)
942
_2
ddc
_c
BK
999
_c
7165
_d
7165